WORD CHAIN - COUNTRIES - Statistics

General Stats
  • This quiz has been taken 32 times
  • The average score is 11 of 15
Answer Stats
Hint Answer % Correct
Land of pyramids and the nile Egypt
100%
Currently in war with russia Ukraine
100%
Where lego was invented Denmark
85%
Home of the kiwi bird New Zealand
85%
Land of fjords and northern lights Norway
85%
Ongoing humanitarian crisis in arabia Yemen
85%
Europe´s newest country Kosovo
78%
One of the smallest countries on earth Nauru
74%
Known for frankincense and deserts Oman
74%
Cradle of ancient civilization Iraq
70%
Key port at the horn of africa Djibouti
67%
Famous for spicy food and temples Thailand
67%
Known as the "graveyard of empires" Afghanistan
52%
Famous for Skype and e-government Estonia
44%
Where the Atacama desert is Chile
41%
No matching quizzes found
Score Distribution
Percent of People with Each Score
Percentile by Number Answered
Your Score History
You have not taken this quiz